Statistiques concernant Top 10 des villes les plus peuplées du Nevada

Cliquez ici pour prendre le quiz!

Statistiques générales

  • Ce quiz a été pris 6 fois
  • Le résultat moyen est 4 sur 10

Statistiques - réponses

PopulationVilles% Correct
603 488Las Vegas
100%
233 294Reno
83%
54 080Carson City
33%
270 811Henderson
33%
15 189Boulder City
17%
20 074Elko
17%
19 193Fernley
17%
16 439Mesquite
17%
226 877North Las Vegas
17%
93 282Sparks
17%

Distribution des résultats

Percentile par nombre de réponses

% des personnes avec chaque résultat

Votre développement - résultats

Vous n’avez pas pris ce quiz